000 01498cad a22002775a 4500
001 L153397
008 110720s2011 xxk f 000 0 eng d
020 _a9781842196991
035 _a(Sirsi) u153397
041 0 _aeng
050 0 4 _a333.339
110 2 _aRoyal Institution of Chartered Surveyors
_94900
245 0 0 _aMineral-bearing land and waste management sites
_h[electronic resource]
260 _aCoventry
_bRICS
_c2011
490 0 _aRICS Practice Standards, Global
490 0 _aRICS Guidance Note
_v(GN 84/2011)
520 _aThis guidance note relates to the valuation of natural resources and waste management properties, more commonly known in the UK as "wasting assets". The Resources and Environment Professional Group commissioned a working party to review, update and publish separately the guidance note that was originally included as GN 4 of the RICS Valuation Standards (the "Red Book"), 6th edition. This working group comprises members who are appropriately qualified and who specialise in this area of valuation.
520 _aSuperseded by 2nd edition (ISBN 9781783211487) June 2016.
520 _aARCHIVED 22 June 2016
590 _aKA NTK
650 2 4 _aRICS VALUATION STANDARDS
651 4 _aInternational
690 _aENVIRONMENTAL AND LAND CONSULTANCY-WASTE MANAGEMENT
856 4 0 _uhttps://www.rics.org//Global/Mineral-bearing_land_and_waste_management_sites_1st_edition_PGguidance_2011.pdf
_zView online free of charge (members only).
942 _n0
999 _c112493
_d112493